Quo vadis Belváros
Elmentve itt :
| Dokumentumtípus: | Cikk |
|---|---|
| Megjelent: |
1994-11-10
|
| Sorozat: | Délmagyarország
84 No. 264 |
| Kulcsszavak: | közlekedés |
| Online Access: | http://dmarchiv.bibl.u-szeged.hu/109562 |
| LEADER | 00389nab a2200145 i 4500 | ||
|---|---|---|---|
| 001 | delm109562 | ||
| 005 | 20191008094446.0 | ||
| 008 | 191008s1994 hu o 0|| hun d | ||
| 040 | |a SZTE Délmagyarország Archívum |b hun | ||
| 041 | |a hun | ||
| 245 | 0 | 0 | |a Quo vadis Belváros |h [elektronikus dokumentum] |
| 260 | |c 1994-11-10 | ||
| 300 | |a 13 | ||
| 490 | 0 | |a Délmagyarország |v 84 No. 264 | |
| 695 | |a közlekedés | ||